| 000 | 01457cam a22003377a 4500 | ||
|---|---|---|---|
| 999 |
_c16217 _d16217 |
||
| 001 | 16373351 | ||
| 005 | 20190208144842.0 | ||
| 008 | 100803s2012 caua b 000 0 eng d | ||
| 010 | _a 2010934028 | ||
| 020 | _a1111425426 | ||
| 020 | _a9781111425425 | ||
| 035 | _a(OCoLC)ocn665196475 | ||
| 040 |
_aYDXCP _cYDXCP _dMRB _dDLC |
||
| 042 | _alccopycat | ||
| 050 | 0 | 0 | _aRA776 .H35 2012 |
| 082 | 0 | 0 |
_a613 _223 |
| 100 | 1 | _aHales, Dianne R., | |
| 245 | 1 | 3 |
_aAn invitation to health : _bchoosing to change / _cDianne Hales. |
| 250 | _aBrief, 7th ed. | ||
| 260 |
_aBelmont, CA : _bWadsworth Cengage Learning, _c2012. |
||
| 300 |
_axxvii, 513 p. : _bcol. ill. ; _c28 cm. |
||
| 504 | _aIncludes bibliographical references (p. 491-502) and index. | ||
| 650 | 0 | _aHealth. | |
| 650 | 0 | _aSelf-care, Health. | |
| 856 | 4 | 2 |
_3Publisher description _uhttp://www.loc.gov/catdir/enhancements/fy1215/2010934028-d.html |
| 856 | 4 | 1 |
_3Table of contents only _uhttp://www.loc.gov/catdir/enhancements/fy1215/2010934028-t.html |
| 856 | 4 | 2 |
_3Contributor biographical information _uhttp://www.loc.gov/catdir/enhancements/fy1303/2010934028-b.html |
| 906 |
_a7 _bcbc _ccopycat _d2 _encip _f20 _gy-gencatlg |
||
| 942 |
_2lcc _cBOOKS _hRA776 .H148 2012 |
||